Statistics for Chicago Bulls All-NBA Players

Click here to take the quiz!

General Stats

  • This quiz has been taken 266 times
    (215 since last reset)
  • The average score is 7 of 9

Answer Stats

Player% Correct
Michael Jordan
99%
Scottie Pippen
98%
Derrick Rose
96%
DeMar DeRozan
88%
Joakim Noah
86%
Jimmy Butler
81%
Bob Love
54%
Pau Gasol
40%
Norm Van Lier
19%

Score Distribution

Percentile by Number Answered

Percent of People with Each Score

Your Score History

You have not taken this quiz since the last reset